000 00250nam a2200097Ia 4500
001 683825
005 20250826161446.0
008 250824s9999 xx 000 0 und d
245 0 _aÇAĞLAYANLAR
_cAHMET HİKMET MÜFTÜOĞLU
260 _bANONİM YAYINLARI
999 _c683825
_d683825